Köpek Adam 9 - Güç ve Ceza (Record no. 1266649)
[ view plain ]
| 000 -LEADER | |
|---|---|
| sabit uzunluktaki kontrol alanı | 00281nam a2200109Ia 4500 |
| 001 - KONTROL NUMARASI | |
| kontrol alanı | 1266649 |
| 005 - EN SON İŞLEMİN TARİH VE ZAMANI | |
| kontrol alanı | 20260417145118.0 |
| 008 - SABİT-UZUNLUKTA VERİ ÖĞELERİ--GENEL BİLGİ | |
| sabit uzunluktaki kontrol alanı | 260417s9999 xx 000 0 und d |
| 020 ## - ULUSLARARASI STANDART KİTAP NUMARASI | |
| Uluslararası Standart Kitap Numarası | 9789752129283 |
| 245 #0 - ESER / YAZAR | |
| ESER ADI | Köpek Adam 9 - Güç ve Ceza |
| Yazar Adı | Dav Pilkey |
| 260 ## - YAYIN, DAĞITIM, VB. | |
| YAYIN EVİ | Altın Kitaplar |
| Düşüm durumu | Kayıp durumu | Hasar Durumu | Ödünç verilmez | Ana kütüphane | Geçerli Kütüphane | Edinilen tarih | Toplam ödünç verme sayısı | Barkod | Son görüntüleme tarihi | Fiyatın geçerli olmaya başladığı tarih | Koha materyal türü |
|---|---|---|---|---|---|---|---|---|---|---|---|
| TOKİ ARDIÇLI ORTAOKULU | TOKİ ARDIÇLI ORTAOKULU | 17.04.2026 | 1110281 | 17.04.2026 | 17.04.2026 | Books |